Korene rasizmu, antisemitizmus a nová "pravica"

Podrobná bibliografia
Hlavný autor: Jerábek, Ivan (Autor)
Médium: Článok
Jazyk:slovenčina
ISSN:0323-2018
Predmet:

MARC

LEADER 00000nab a2200000 a 4500
001 vtls000621300
003 SK-MaSNL
005 20260302200917.0
008 140402c1997 xo 0 slo
015 |a SNBRB19rr/mm-uuuuu 
035 |a CL0621439 
040 |a SNKBUCL  |b slo  |c SNKBUCL  |e AACR2 
041 0 |a slo 
044 |a xo  |c SK 
080 |a 172  |2 1981 
080 |a 323.12  |2 1981 
080 |a 323.12(=924)  |2 1981 
100 1 |a Jerábek, Ivan  |4 aut  |9 270394 
245 1 0 |a Korene rasizmu, antisemitizmus a nová "pravica"  |c Ivan Jerábek 
650 0 7 |a rasizmus  |2 snkbucl  |9 4585 
650 0 7 |a antisemitizmus  |2 snkbucl  |9 4246 
650 0 7 |a nacionalizmus  |2 snkbucl  |9 4731 
655 7 |a články z novín a časopisov  |2 snkbucl  |9 267496 
773 0 |t Bojovník  |g Roč. 42, č. 6 (1997), s. 10  |x 0323-2018 
850 |a Slovenská národná knižnica v Martine  |a MTA001 
852 |a SNK  |b KIS3GCP 
958 |a RK 
992 |a RBX 
999 |c 1458828  |d 1460758